[Event "AUT-ch"]
[Site "Vienna"]
[Date "2023.07.23"]
[Round "2"]
[White "Leslie, Alex"]
[Black "Ganaus, Hannes"]
[Result "1/2-1/2"]
[WhiteElo "2088"]
[BlackElo "2261"]
[PlyCount "80"]
[EventDate "2023.07.22"]
[EventType "swiss"]
[EventRounds "9"]
[EventCountry "AUT"]
[SourceTitle "CBM 215 Extra"]
[Source "ChessBase"]
[SourceDate "2023.09.30"]
[SourceVersion "1"]
[SourceVersionDate "2023.09.30"]
[SourceQuality "1"]

1. d4 d5 2. c4 e6 3. Nc3 a6 4. cxd5 exd5 5. Nf3 Nf6 6. Bg5 Be6 7. e3 Nbd7 8. Bd3 Bd6 9. 0-0 c6 10. Bf4 Bxf4 11. exf4 Bg4 12. Re1+ Kf8 13. h3 Bxf3 14. Qxf3 g6 15. g4 Kg7 16. g5 Nh5 17. h4 Qc7 18. f5 Rhe8 19. f6+ Kg8 20. Re3 Nf8 21. Rae1 Re6 22. Bf5 Rxe3 23. Rxe3 Nf4 24. Re5 N4e6 25. Bxe6 Nxe6 26. Qe3 Re8 27. Ne2 Qd7 28. Nf4 Nc7 29. f3 Kf8 30. Kg2 Qd6 31. Rxe8+ Nxe8 32. Nd3 b6 33. Qe5 Qd7 34. Qb8 Qc7 35. Qxc7 Nxc7 36. Ne5 Ke8 37. Nxc6 Kd7 38. Ne5+ Ke6 39. Nc6 Kd7 40. Ne5+ Ke6 1/2-1/2

[Event "Barcelona Sant Marti op-A 23rd"]
[Site "Barcelona"]
[Date "2023.07.18"]
[Round "6"]
[White "Rex, Torsten Claus"]
[Black "Leslie, Alex"]
[Result "0-1"]
[WhiteElo "1959"]
[BlackElo "2088"]
[PlyCount "166"]
[EventDate "2023.07.13"]
[EventType "swiss"]
[EventRounds "9"]
[EventCountry "ESP"]
[SourceTitle "CBM 215 Extra"]
[Source "ChessBase"]
[SourceDate "2023.09.30"]
[SourceVersion "1"]
[SourceVersionDate "2023.09.30"]
[SourceQuality "1"]

1. Nf3 Nf6 2. g3 b6 3. Bg2 Bb7 4. 0-0 e6 5. b3 Be7 6. Bb2 c5 7. c4 d6 8. d3 0-0 9. Nbd2 Nbd7 10. e3 Rc8 11. Rc1 a6 12. a3 Rc7 13. Qc2 Qa8 14. Qb1 Rd8 15. Rfd1 b5 16. Ne1 Nb6 17. Bc3 Rb8 18. Qa1 Ne8 19. Ba5 Bf6 20. Qa2 Bc6 21. Ne4 Be7 22. f4 Nf6 23. Nxf6+ Bxf6 24. d4 Bxg2 25. Qxg2 Qxg2+ 26. Nxg2 Be7 27. Kf2 Kf8 28. Ne1 Ke8 29. Nf3 cxd4 30. Nxd4 bxc4 31. bxc4 Rxc4 32. Nc6 Rc8 33. Nxe7 Rxc1 34. Nxc8 Rc2+ 35. Kf3 Nxc8 36. Rb1 Rc5 37. Be1 Rb5 38. Rc1 Kd7 39. a4 Rb3 40. Kg2 d5 41. Bc3 g6 42. Bd4 Nd6 43. Rc5 Nc4 44. e4 Rd3 45. Bf2 Ra3 46. exd5 exd5 47. Rxd5+ Ke6 48. Rc5 Rxa4 49. Rc6+ Kd7 50. Rf6 Ke7 51. Rc6 a5 52. Bc5+ Kd7 53. Rf6 Ke8 54. Ra6 Ra2+ 55. Kh3 a4 56. Ra8+ Kd7 57. Ra7+ Ke6 58. Re7+ Kd5 59. Ba7 a3 60. Rxf7 Rc2 61. Bb8 a2 62. Ra7 Ke4 63. Kg4 Rxh2 64. Kg5 Kd3 65. g4 Rb2 66. Be5 Re2 67. Kf6 h5 68. g5 Nxe5 69. fxe5 h4 70. e6 h3 71. e7 h2 72. Ra3+ Kd4 73. Rxa2 h1Q 74. Rxe2 Qf3+ 75. Kxg6 Qxe2 76. Kf7 Qf3+ 77. Kg7 Qe4 78. Kf7 Qf5+ 79. Ke8 Qxg5 80. Kd8 Kd5 81. Kd7 Qf5+ 82. Kd8 Qf6 83. Kd7 Qe6+ 0-1

[Event "Barcelona Sant Marti op-A 23rd"]
[Site "Barcelona"]
[Date "2023.07.13"]
[Round "1"]
[White "Marcos Rodriguez, Raul"]
[Black "Leslie, Alex"]
[Result "0-1"]
[WhiteElo "1754"]
[BlackElo "2088"]
[PlyCount "118"]
[EventDate "2023.07.13"]
[EventType "swiss"]
[EventRounds "9"]
[EventCountry "ESP"]
[SourceTitle "CBM 215 Extra"]
[Source "ChessBase"]
[SourceDate "2023.09.30"]
[SourceVersion "1"]
[SourceVersionDate "2023.09.30"]
[SourceQuality "1"]

1. d4 Nf6 2. Nf3 e6 3. e3 b6 4. Bd3 Bb7 5. Nbd2 c5 6. 0-0 cxd4 7. exd4 Be7 8. c3 d6 9. Re1 Nbd7 10. b3 Qc7 11. Bb2 Rc8 12. c4 d5 13. Rc1 Qb8 14. Ne5 dxc4 15. bxc4 Nxe5 16. dxe5 Nd7 17. Qg4 g6 18. Be4 Nc5 19. Rcd1 Bxe4 20. Nxe4 Nxe4 21. Qxe4 0-0 22. Rd7 Rc7 23. Red1 Rd8 24. Rxd8+ Bxd8 25. Ba3 Be7 26. Bd6 Rd7 27. Qc6 Qb7 28. Qa4 Kg7 29. h3 Qc8 30. f4 Bxd6 31. exd6 Qc5+ 32. Kh1 Rxd6 33. Rxd6 Qxd6 34. Qxa7 Qxf4 35. Qxb6 Qxc4 36. Qb2+ f6 37. a3 e5 38. Qb7+ Kh6 39. Qb4 Qd3 40. h4 Kh5 41. Qe7 Qf1+ 42. Kh2 Kxh4 43. Qxh7+ Kg5 44. g3 Qf2+ 45. Kh3 Qf3 46. Kh2 e4 47. Qa7 e3 48. Qc5+ Kh6 49. Qf8+ Kh5 50. Qc5+ g5 51. Qc2 Kh6 52. Qc8 e2 53. g4 Qf4+ 54. Kh3 Qe3+ 55. Kh2 Kg7 56. Qb7+ Kg8 57. Qc8+ Kf7 58. Qc7+ Qe7 59. Qc4+ Kg7 0-1

[Event "Barbera del Valles op 45th"]
[Site "Barbera del Valles"]
[Date "2023.07.08"]
[Round "5"]
[White "Leslie, Alex"]
[Black "Comellas Blanchart, Jordi"]
[Result "1-0"]
[WhiteElo "2088"]
[BlackElo "1986"]
[PlyCount "87"]
[EventDate "2023.07.04"]
[EventType "swiss"]
[EventRounds "9"]
[EventCountry "ESP"]
[SourceTitle "EXT 2024"]
[Source "ChessBase"]
[SourceDate "2023.10.10"]
[SourceVersion "1"]
[SourceVersionDate "2023.10.10"]
[SourceQuality "1"]

1. d4 d5 2. c4 e6 3. Nc3 Nf6 4. Nf3 a6 5. cxd5 exd5 6. Bg5 Be6 7. e3 Nbd7 8. Bd3 Bd6 9. Bf4 Bxf4 10. exf4 Bg4 11. Qe2+ Kf8 12. 0-0 g6 13. h3 Bxf3 14. Qxf3 c6 15. g4 Kg7 16. f5 g5 17. Qe3 h6 18. f4 Re8 19. Qd2 Nh7 20. Rae1 gxf4 21. Rxe8 Qxe8 22. Qxf4 Qb8 23. Qxb8 Rxb8 24. Re1 Nhf6 25. Kf2 Re8 26. Rxe8 Nxe8 27. Ke3 f6 28. b4 Kf7 29. Kf4 Nd6 30. h4 Nb6 31. g5 hxg5+ 32. hxg5 fxg5+ 33. Kxg5 Nbc4 34. Be2 b5 35. Bh5+ Kf8 36. Ne2 a5 37. bxa5 Nxa5 38. Kf6 b4 39. Ke6 Nb5 40. f6 b3 41. axb3 Nxb3 42. Nf4 N3xd4+ 43. Kd7 c5 44. Be8 1-0

[Event "Barbera del Valles op 45th"]
[Site "Barbera del Valles"]
[Date "2023.07.05"]
[Round "2"]
[White "Leslie, Alex"]
[Black "Paluska, Karol"]
[Result "1/2-1/2"]
[WhiteElo "2088"]
[BlackElo "1942"]
[PlyCount "92"]
[EventDate "2023.07.04"]
[EventType "swiss"]
[EventRounds "9"]
[EventCountry "ESP"]
[SourceTitle "CBM 215 Extra"]
[Source "ChessBase"]
[SourceDate "2023.09.30"]
[SourceVersion "1"]
[SourceVersionDate "2023.09.30"]
[SourceQuality "1"]

1. d4 Nf6 2. c4 e6 3. Nf3 d5 4. Nc3 Be7 5. Bf4 0-0 6. e3 a6 7. c5 Nc6 8. a3 Nh5 9. Be2 Nb8 10. 0-0 Nd7 11. b4 Nxf4 12. exf4 c6 13. Qc2 Qc7 14. g3 f6 15. Bd3 f5 16. Rfe1 Nf6 17. Ne5 Bd7 18. Re3 Ne4 19. Na4 Be8 20. Rae1 g5 21. f3 gxf4 22. gxf4 Nf6 23. R3e2 Kh8 24. Rg2 Nh5 25. Qd2 Bh4 26. Ree2 Bf7 27. Bc2 Rg8 28. Nb2 Raf8 29. Nbd3 Be8 30. Bd1 Qe7 31. Rxg8+ Rxg8+ 32. Rg2 Rxg2+ 33. Qxg2 Qg7 34. Qxg7+ Kxg7 35. Kf1 Bf6 36. Ke2 Kf8 37. Ke3 Bg7 38. Nc1 Bh6 39. Ne2 Ke7 40. Bc2 Kf6 41. Nd3 Ke7 42. Ndc1 Kd7 43. Na2 Ke7 44. Nac3 Kf6 45. h3 Bd7 46. a4 Be8 1/2-1/2

[Event "Leamington Spa 4NCL op 26th"]
[Site "Leamington Spa"]
[Date "2021.09.11"]
[Round "3"]
[White "Kumar, Sanjit S"]
[Black "Leslie, Alex"]
[Result "0-1"]
[WhiteElo "1702"]
[BlackElo "1897"]
[PlyCount "56"]
[EventDate "2021.09.10"]
[EventType "swiss"]
[EventRounds "5"]
[EventCountry "ENG"]
[SourceTitle "CBM 204 Extra"]
[Source "ChessBase"]
[SourceDate "2021.11.30"]
[SourceVersion "1"]
[SourceVersionDate "2021.11.30"]
[SourceQuality "1"]

1. d4 Nf6 2. c4 e6 3. Nc3 Bb4 4. Qc2 0-0 5. e4 d6 6. e5 dxe5 7. dxe5 Nfd7 8. a3 Bxc3+ 9. Qxc3 b6 10. Nf3 Bb7 11. Bd3 h6 12. Bc2 Nc6 13. Bf4 Qe7 14. 0-0-0 Rfd8 15. Qd3 Nf8 16. Qe3 Rxd1+ 17. Rxd1 Rd8 18. Rxd8 Nxd8 19. Be4 a5 20. Nd2 Bxe4 21. Nxe4 Ng6 22. Bxh6 Nxe5 23. Bg5 f6 24. Nxf6+ gxf6 25. Qxe5 fxg5 26. f4 Nf7 27. Qe4 gxf4 28. Qxf4 Qg5 0-1

[Event "BCF-chT4S 1617 (4NCL)"]
[Site "England"]
[Date "2016.11.27"]
[Round "2.46"]
[White "Leslie, Alex"]
[Black "Finn, Daniel"]
[Result "1/2-1/2"]
[WhiteElo "1622"]
[BlackElo "1441"]
[PlyCount "203"]
[EventDate "2016.11.26"]
[EventType "team-swiss"]
[EventRounds "11"]
[EventCountry "ENG"]
[SourceTitle "EXT 2019"]
[Source "ChessBase"]
[SourceDate "2018.10.10"]
[SourceVersion "1"]
[SourceVersionDate "2018.10.10"]
[SourceQuality "1"]
[WhiteTeam "Barnet Knights II"]
[BlackTeam "Sussex Martlets III"]
[WhiteTeamCountry "ENG"]
[BlackTeamCountry "ENG"]

1. d4 d5 2. c4 e6 3. Nf3 Nf6 4. Bg5 Nbd7 5. Nc3 Be7 6. e3 0-0 7. Be2 a6 8. 0-0 dxc4 9. a4 Nd5 10. Bxe7 Qxe7 11. Bxc4 N7f6 12. Nxd5 exd5 13. Bd3 Bg4 14. h3 Bh5 15. Be2 c6 16. Ne5 Bxe2 17. Qxe2 Ne4 18. Rfc1 f6 19. Nd3 Rfe8 20. Nc5 Rab8 21. a5 f5 22. Nxe4 Qxe4 23. Qc2 f4 24. Qxe4 Rxe4 25. Rc3 Rbe8 26. Re1 Rxd4 27. Rb3 fxe3 28. fxe3 Ra4 29. Rxb7 Rxa5 30. Rf1 Rf8 31. Rc1 Rc8 32. Rb6 c5 33. Rd6 c4 34. e4 dxe4 35. Re6 Rb5 36. Rc2 a5 37. Rxe4 Rb4 38. Re3 a4 39. Kf2 Rf8+ 40. Ke2 Rf4 41. Rf3 Rd4 42. Rfc3 Kf7 43. Ke3 Rh4 44. Kf2 h5 45. Rd2 g6 46. Rf3+ Kg7 47. Re3 Rb3 48. Rc3 Kh6 49. Kf3 g5 50. Rxb3 cxb3 51. g3 Rc4 52. Ke3 Rc1 53. Rd6+ Kg7 54. Ra6 Rc2 55. Rxa4 Rxb2 56. Rb4 Rb1 57. Kd2 b2 58. Kc2 Rg1 59. Kxb2 Rxg3 60. h4 g4 61. Kc2 Rh3 62. Kd2 Rxh4 63. Ke2 Rh3 64. Kf2 Kg6 65. Rb5 Rf3+ 66. Kg2 Rf5 67. Rb8 Kg5 68. Rb1 Rf3 69. Rb5+ Kh4 70. Rb1 Rg3+ 71. Kf2 Rh3 72. Kg2 Rf3 73. Ra1 Kg5 74. Ra5+ Rf5 75. Ra8 h4 76. Rg8+ Kf4 77. Ra8 h3+ 78. Kh2 Kg5 79. Rg8+ Kh4 80. Rh8+ Rh5 81. Rg8 Rh6 82. Rg7 Kh5 83. Kg3 Rg6 84. Rh7+ Kg5 85. Ra7 Rh6 86. Ra5+ Kg6 87. Ra6+ Kg7 88. Ra7+ Kf8 89. Ra8+ Ke7 90. Ra7+ Kd8 91. Ra8+ Kc7 92. Ra1 Rg6 93. Rb1 Rb6 94. Rh1 Rb4 95. Rd1 Kc6 96. Rd2 Kc5 97. Rd1 Rd4 98. Re1 Kd5 99. Re8 Re4 100. Rd8+ Ke5 101. Re8+ Kd4 102. Rd8+ 1/2-1/2

[Event "BCF-ch U11"]
[Site "Bournemouth"]
[Date "2016.08.05"]
[Round "7"]
[White "Leslie, Alex"]
[Black "Hartman, James"]
[Result "1-0"]
[WhiteElo "111"]
[BlackElo "1281"]
[PlyCount "105"]
[EventDate "2016.07.31"]
[EventType "swiss"]
[EventRounds "7"]
[EventCountry "ENG"]
[SourceTitle "CBM 173 Extra"]
[Source "ChessBase"]
[SourceDate "2016.08.29"]
[SourceVersion "1"]
[SourceVersionDate "2016.08.29"]
[SourceQuality "1"]

1. d4 d5 2. c4 e6 3. Nc3 Nf6 4. Nf3 Nbd7 5. Bg5 Be7 6. e3 c6 7. Bd3 0-0 8. Qc2 dxc4 9. Bxc4 b5 10. Bd3 Bb7 11. Bf4 a5 12. Ne5 h6 13. Be2 Nxe5 14. Bxe5 Nd5 15. Nxd5 Qxd5 16. Bf3 Qd7 17. 0-0 Rac8 18. Rfd1 Rfd8 19. Qe2 b4 20. b3 c5 21. Bxb7 Qxb7 22. Qg4 g6 23. h4 Kh7 24. h5 g5 25. f3 f5 26. Qg3 cxd4 27. Bxd4 Rd7 28. Qe5 Bd6 29. Qxe6 Rg7 30. Bxg7 Kxg7 31. Qxd6 Rc7 32. Qg6+ Kf8 33. Qxh6+ Ke7 34. Qxg5+ Ke8 35. Rd8+ Kf7 36. Qxf5+ Ke7 37. Rad1 Qa7 38. R1d7+ Rxd7 39. Rxd7+ Qxd7 40. Qxd7+ Kxd7 41. Kf2 Ke6 42. g4 Kf6 43. f4 Kg7 44. Kf3 Kf6 45. g5+ Kg7 46. f5 Kf7 47. h6 Kg8 48. g6 Kf8 49. f6 Kg8 50. Kf4 a4 51. bxa4 b3 52. axb3 Kh8 53. a5 1-0